| 000 | 00663nam a2200229Ia 4500 | ||
|---|---|---|---|
| 005 | 20250108124932.0 | ||
| 008 | 008 250107s9999 xx 000 0 eng d | ||
| 020 | _a978-93-89062-04-5 | ||
| 037 | _aTB | ||
| 040 |
_aCRL _beng _cCRL |
||
| 041 |
_aeng _2eng |
||
| 084 | _aD65,8(B) Q4 | ||
| 084 | _qCRL | ||
| 100 | _aMatane Paulias Au.; Ahuja M. L. Au. | ||
| 245 | 0 |
_aUnderstanding papua new guinea _cMatane Paulias Au.; Ahuja M. L. Au. |
|
| 260 |
_aNew Delhi, India _bScientific International Pvt. Ltd. _c2729 |
||
| 300 | _aviii,145p. | ||
| 365 |
_aINR _b300 |
||
| 650 | _aSOCIOLOGY | ||
| 942 |
_cTB _hD65,8(B) Q4 |
||
| 999 |
_c1235117 _d1235117 |
||